[Event "Asia-ch"]
[Site "Kolkata"]
[Date "2001.08.10"]
[Round "2"]
[White "Barua, Dibyendu"]
[Black "Thipsay, Praveen Mahadeo"]
[Result "0-1"]
[WhiteElo "2499"]
[BlackElo "2453"]
[Annotator "Golod,V"]
[PlyCount "90"]
[EventDate "2001.08.09"]
[EventType "swiss"]
[EventRounds "11"]
[EventCountry "IND"]
[SourceTitle "CBM 085"]
[Source "ChessBase"]
[SourceDate "2001.11.13"]
[SourceVersion "1"]
[SourceVersionDate "2001.11.13"]
[SourceQuality "1"]

1. e4 c5 2. Nf3 e6 3. d4 cxd4 4. Nxd4 Nc6 5. Nc3 Nf6 6. Ndb5 Bb4 7. a3 Bxc3+ 8.
Nxc3 d5 9. exd5 {It's main line.} (9. Bd3 $5 {See comments to Ponomariov,
R-Kortschnoj,V/Donetsk,2001/ CBM 81(1/2-1/2) (Golod,V)(63)}) 9... exd5 10. Bd3
O-O 11. O-O d4 $1 {It's best move.} 12. Ne2 $5 ({Nowadays-} 12. Ne4 {is not
actual.See comments to Leko,P-Timman,J/Wijk aan Zee,2001/CBM 81(1/2-1/2)(Golod,
V)(52)}) 12... Bg4 $5 (12... Re8 $5 {See comments to Bosch,J-Janssen,R/Wijk
aan Zee,1999/CBM 69 (1/2-1/2)(Golod,V) (37) Besides,12...Qd5;12...a6;12...h6;
12...Ng4;12...Qd6;and 12...Qb6-was checked in the previous games.}) 13. Bg5 Qd6
14. Qd2 Bxe2 $5 {Shipov."Beginning of concrete change operation. A task - to
destroy one of the white bishop".} ({Dubious:} 14... Bh5 {[%cal Gh5g6] in view
of:} 15. Nf4 {[%csl Rh5]}) 15. Qxe2 $6 (15. Bf4 $5 {The important intermediate
move.Differently,at white don't have a advantage.See comments to game: Leko,
P-Grischuk,A/Linares,2001/CBM 82 (1/2-1/2)(Golod,V)(48).}) 15... Rae8 $6 $146 {
[%csl Ra7,Rb7] This rook can be necessary for defence the pawns of the queen
side.} (15... Rfe8 $142 16. Qf3 $140 (16. Qd1 $143 Ne5 17. Bh4 Qb6 18. Rb1 Rac8
$11 {Short,N-Wiedenkeller,M/Esbjerg,1984(0-1)(40)}) 16... Ne5 $1 17. Qg3 (17.
Qf5 $143 Nxd3 18. cxd3 Re5 19. Bf4 Rxf5 20. Bxd6 Rd5 21. Bf4 Nd7 22. Rac1 g5
23. Bg3 Nc5 24. Rfd1 Re8 25. Kf1 f5 $11 {Weber,P-Rosen,B/Germany,1991(1/2-1/2)
(70)}) (17. Qxb7 $6 Reb8 18. Qa6 Rb6 19. Qa5 Nxd3 20. cxd3 Ng4 21. g3 Ne5 $1
$36) 17... Nh5 18. Qh3 Nxd3 19. Qxd3 Nf4 20. Bxf4 Qxf4 21. Rfe1 (21. g3 $143
Qe5 22. Rad1 Rac8 23. Rd2 Rc6 24. Rfd1 g6 $11 {1/2-1/2 Navara,D-Ptacnikova,L/
Olomouc 2000/CBM 77 ext (33)}) 21... g6 $6 (21... a6 $5) 22. Qb5 $1 Rxe1+ 23.
Rxe1 Rc8 24. g3 Qf6 25. Re2 $14 {Yudasin,L-Sion Castro,M/Leon,1992(1-0)(49)})
16. Qd2 $6 {White refuse struggle for advantage.} (16. Qf3 $1 Nd5 ({Now weakly:
} 16... Ne5 17. Qxb7 Nxd3 18. cxd3 Ng4 19. g3 $16) 17. Rad1 $14 Ne5 $6 18. Qe4
{[%csl Rd4]}) 16... Ne4 17. Bxe4 Rxe4 {[%csl Rg5] The white's bishop is
outside of the game.} 18. Rae1 $11 Rfe8 {<->e} 19. Rxe4 Rxe4 20. Re1 $6 ({
Looks more logically:} 20. f3 $5 {/\Bh4-f2(קd4)}) 20... Qe5 21. Rxe4 ({After:
} 21. Kf1 {Black should be glad to repeat the moves:} Qb5+ (21... Rxe1+ $143
22. Qxe1 {[%csl Rg8]} h6 (22... Qxg5 $4 23. Qe8#) (22... Qb5+ 23. Qe2 $14) 23.
Qxe5 Nxe5 24. Bc1 Kf8 25. Ke2 $14 {[%csl Rd4][%cal Gf2f4]}) 22. Kg1 Qe5 $11 (
22... Rxe1+ 23. Qxe1 h6 24. Bc1 $11)) 21... Qxe4 22. Bf4 {[%cal Gf4b8,Gf4h2]
On this diagonal,white's bishop can not bring any benefit.} ({Again it
deserves attention:} 22. f3 {/\Bh4-f2(קd4)}) 22... h6 23. f3 Qe6 24. h4 $6 ({
More safely:} 24. b3 $5) 24... Qa2 25. b4 $5 {[%mdl 512]} ({After:} 25. c3 d3
$1 26. Qxd3 Qxb2 {black has a positional advantage in the endgame}) ({Is a
possibly continuation of the play:} 25. Qc1 {[%csl Yc1]}) 25... Qxa3 26. b5
Qa1+ $1 {[%csl Ya1][%cal Ya1d4]} (26... Nd8 $143 27. Qxd4 Ne6 28. Qd6 $11) 27.
Kh2 Nd8 {[%csl Rd4][%cal Yd8e6,Ye6d4]} 28. Be5 Ne6 29. Qb4 $44 {[%csl Rg8]
[%cal Gb4e7] The white figures are on ideal positions, and very difficultly to
use pawn up, because of weakness of the black's king.} (29. f4 $2 f6 30. Bd6 (
30. f5 $2 fxe5 31. fxe6 Qa2 32. e7 Qe6 33. Qb4 Kf7 $19 {[%csl Re7]}) 30... Qf1
$17 {[%csl Rb5,Rf4]}) 29... Qd1 30. Qe7 Qe2 ({Leads to equal endgame:} 30...
Qxc2 31. Qe8+ Kh7 (31... Nf8 $4 32. Bd6 {[%csl Rf8]}) 32. Qxf7 Qc4 33. b6 $1
axb6 $140 34. Bxg7 Qc7+ 35. Qxc7 Nxc7 36. Bxd4 $11) 31. Bg3 $2 {Decisive
mistake.} ({It was necessary:} 31. Qe8+ Kh7 $140 {[%csl Re5]} (31... Nf8 32.
Qb8 {[%cal Ge5d6]} Qe1 33. Bd6 Qxh4+ 34. Kg1 Qe1+ $11) 32. Bb8 $1 {[%csl Ra7,
Rf7]} Qxc2 (32... f6 $2 33. h5 $11 Nf4 $140 34. Qxe2 Nxe2 35. Bxa7) (32... Kg6
$2 33. h5+ Kf6 34. Bd6 $36 {[%cal Ge8e7]}) 33. Qxf7 d3 34. Qf5+ $1 {(The
important intermediate move!)} Kh8 35. Qxe6 d2 36. Be5 $1 d1=Q 37. Qxh6+ (37.
Bxg7+ $144 Kh7 (37... Kxg7 38. Qe7+ Kg8 39. Qe8+ $11) 38. Qe7 $1 Qg6 39. Bd4+ {
[%csl Rd1,Yd4]} Kg8 40. Qd8+ Kf7 41. Qd7+ Kg8 (41... Kf8 $4 42. Bc5+ {[%csl
Rd1]}) 42. Qd8+ $11) 37... Qh7 $8 38. Bxg7+ Kg8 39. Qe6+ Kxg7 40. Qe7+ Kg8 (
40... Kg6 41. Qe6+ Kg7 $8 (41... Kh5 $4 42. Qg4+ Kh6 43. Qg5#) 42. Qe7+ $11)
41. Qe8+ Kg7 42. Qe7+ Kh8 43. Qf8+ Qg8 44. Qh6+ Qh7 45. Qf8+ $11) (31. Bxd4 {
(also it is better,than move made in a game)} a6 (31... Nxd4 32. Qd8+ Kh7 33.
Qxd4 $11) 32. bxa6 bxa6 33. Qe8+ Kh7 $15) 31... Qxb5 32. Bf2 Qf5 {[%cal Yf5f7,
Gf5c2]} (32... a5 $2 33. Bxd4 Nxd4 34. Qd8+ Kh7 35. Qxd4 a4 36. c4 $17) 33.
Qxb7 (33. Qe8+ $143 Kh7 34. Qc8 a5 $19) 33... Qxc2 34. Bg3 Qc5 {[%csl Yc5]
[%cal Yc5a7,Yc5d4]} 35. Qa8+ Kh7 36. Qb7 f5 37. Qf7 Qd5 {[%cal Gd4d3] Further
resistance is useless.} 38. Qxa7 (38. h5 $144 d3 39. Qg6+ Kg8 40. Qe8+ Nf8)
38... d3 39. Qa4 d2 40. Qd1 Qd4 {[%csl Gd4,Rg3][%cal Gd4a1,Gd4g1,Gd4a7,Gd4a4,
Gd4d8,Gd4h4,Gd4h8] Please pay your attention to the fantastic work of the
black's queen.} 41. h5 Nc5 {[%cal Gc5a4,Ga4c3,Ga4b2]} 42. Kh3 Na4 43. Be1 $8 (
43. Qc2 Qd5 {[%cal Yd5f5]}) 43... dxe1=Q 44. Qxd4 Nc3 {[%csl Rh3][%cal Gc3e2]}
45. Qd6 Qh1+ {[%csl Rh5]} 0-1

[Event "EU-chT (Men) 14th"]
[Site "Plovdiv"]
[Date "2003.10.11"]
[Round "1.2"]
[White "Pavlovic, Milos"]
[Black "Bakalarz, Mietek"]
[Result "1-0"]
[WhiteElo "2593"]
[BlackElo "2320"]
[Annotator "Golod,V"]
[PlyCount "81"]
[EventDate "2003.10.10"]
[EventType "team-swiss"]
[EventRounds "9"]
[EventCountry "BUL"]
[SourceTitle "CBM 098"]
[Source "ChessBase"]
[SourceDate "2004.02.03"]
[SourceVersion "1"]
[SourceVersionDate "2004.02.03"]
[SourceQuality "1"]
[WhiteTeam "Serbia & Montenegro"]
[BlackTeam "Luxembourg"]
[WhiteTeamCountry "YUG"]
[BlackTeamCountry "LUX"]

1. e4 c5 2. Nf3 e6 3. d4 cxd4 4. Nxd4 Nf6 5. Nc3 Nc6 6. Ndb5 Bb4 7. a3 Bxc3+ 8.
Nxc3 d5 9. Bd3 dxe4 $5 ({Less popular is:} 9... d4 {See comments to Svidler,
P-Al Modiahki,M/Bermuda,2003/CBM 94(1-0)(Golod,V)(48)}) 10. Nxe4 {In this line
White can hope only for the minimal advantage.} Nxe4 11. Bxe4 Qxd1+ 12. Kxd1
Bd7 13. Be3 {After exchange of the queens,White should play extreme precisely
to receive a minimal advantage.} O-O-O ({Also repeatedly were checked up in
previous games:} 13... f5 $5 {You can see annotations to game: Delchev,
A-Ivanovic,B/Subotica,2003/CBM 95(1-0)(Golod,V)(37)}) 14. Ke2 ({On:} 14. Kc1 {
you can find three games in Mega DataBase 2003.}) 14... Kb8 $146 {[%csl Yb8]
[%cal Yb8a7]} ({Also once were checked in the preceding games:} 14... b6 $5 15.
Rhd1 $140 f5 16. Bd3 h6 17. f4 e5 {+/=/=; 1/2-1/2 Vesterinen,J-Gobert,J/
Amsterdam,1954(17)}) ({and} 14... f5 $6 15. Bxc6 Bxc6 16. Bxa7 Rd6 (16... Bxg2
$2 17. Rhg1 {[%csl Rg7]} Be4 18. Rxg7 $16 Bxc2 $140 $4 19. Rc1 {[%csl Rc2,Rc8]}
) (16... e5 $142 $14) 17. Rhd1 {+/=/+/- Lip,C-Nguyen,N/Kuala Lumpur,2002 (0-1)
(56)}) 15. Rhd1 $5 ({Hardly it was better:} 15. Rad1 f5 16. Bd3 e5 17. Bg5 Rc8
{[%csl Rd4][%cal Gc6d4,Gh7h6]}) 15... f5 ({Too passively,but reliably:} 15...
e5 $5 {/\Be6} 16. Bd5 f6 {+/=/=} 17. c4 $140 Ne7 {[%csl Rd5]}) 16. Bf3 {
[%csl Gd1,Rd7,Yd8][%cal Ge3g5,Yd8d7]} e5 17. Kf1 {[%csl Ye2][%cal Yf3e2]} ({
Leads to benefit of the contender:} 17. Bg5 $2 e4 $1 (17... Nd4+ $2 18. Rxd4
exd4 19. Bxd8 Rxd8 20. Kd2 {+/=/=}) 18. Bh5 (18. Bxd8 $143 exf3+ 19. Kxf3 Rxd8
$15) 18... g6 19. Bxd8 Rxd8 20. Bxg6 hxg6 $15) 17... Be6 {<->d This move is
compels of White ,early or late, to exchange the rooks.Black had no other
worthy alternative:} (17... Nd4 $6 {[%csl Rc2,Rf3]} 18. Bxd4 exd4 {[%csl Gd8,
Rf1][%cal Yd7b5]} 19. Be2 Be6 20. Bd3 $1 (20. Rd2 $143 Rhe8 21. Rad1 Rc8 {
[%csl Rc2]} 22. Bb5 Re7 23. Ba4 $140 $2 Bc4+ {[%csl Ra4][%cal Gb7b5]}) 20...
Rhe8 21. Re1 g6 22. Re5 $14 {<->e;קd4}) 18. Rxd8+ ({Leads to equal endgame:} 
18. Bxc6 $2 bxc6 19. b3 Kb7) 18... Rxd8 19. Rd1 Bc4+ {Can it was necessary to
decide on the more active continuation:} (19... Nd4 $5 {[%csl Rd8][%cal Yb8c7,
Yc7d8]} 20. Bxd4 (20. c3 $4 Bc4+ 21. Kg1 (21. Ke1 Nc2#) 21... Nxf3+ {[%csl Rd1]
}) 20... Rxd4 $1 (20... exd4 $143 21. Ke2 {+/=/=}) 21. Rxd4 exd4 22. Ke2 Bc4+
23. Kd2 Kc7 {/\b6,Kd6-e5 =}) 20. Ke1 e4 $6 {Black,at all,do not try to create
a counterplay.Again it was better:} (20... Nd4 $5 21. Bxd4 $140 Rxd4 $1 (21...
exd4 $6 22. Kd2 {+/=/=}) 22. Rxd4 exd4 {[%cal Gb8c7,Yb7b6,Gc7d6]}) 21. Rxd8+
Nxd8 22. Bf4+ Kc8 23. Bd1 $1 {[%csl Gd1,Yf4] White has a more preferable
position,at the expense of advantage of two bishops, therefore it is necessary
to keep it.} Ne6 24. Be5 $14 Kd7 ({It deserves attention:} 24... g5 $5 25. b3
Bd5 26. Kd2 Bc6 27. g4 f4 28. Be2 Kd7 29. c4 $14) 25. Kd2 Bf1 $6 {The wrong
decision, this not too successful place for Black's bishop.} (25... g5 $5 {
[%cal Yc4b5,Yb5c6]}) 26. g3 ({Senselessly:} 26. g4 {in view of:} f4 {[%csl Ge4,
Gf4]}) 26... Kc6 27. b3 b5 {Besides Black has two main alternatives:} (27...
Kd5 28. Bb8 $14 {[%cal Gc2c4]}) ({and} 27... a6 $5 28. c4 $140 b5) 28. f4 $1 {
[%csl Rf1][%cal Gd2e1]} Kd5 ({Is a possible continuation of the play:} 28...
exf3 29. Bxf3+ Kc5 30. Kc3 $14 {[%cal Gb3b4] |^}) 29. Ke1 Bh3 {[%csl Rh3] Now
B of Black is outside of game.} 30. Be2 {[%csl Rb5]} Nd4 (30... Kc6 $143 31.
Kf2 {[%cal Gf2e3] /\Ke3,c4}) 31. c4+ $1 {[%csl Rd5]} bxc4 $8 (31... Kc5 $4 32.
b4+ {[%csl Yc5,Rd4,Ge5][%cal Gb4c5,Yc5d4]}) 32. Bxc4+ Kc5 33. Kd2 $1 ({Leads
to favourable simplifications for Black:} 33. Bxg7 $6 Nf3+ 34. Kf2 Nxh2 {
[%cal Yh2f3,Yh3g4]}) 33... Nf3+ 34. Kc3 Nxe5 $2 {Black had a uneasy choice,
and he did not manage to find the best continuation.} (34... g5 $6 {[%csl Re5]}
35. Bb8 Kb6 36. fxg5 Nxg5 (36... Nxh2 $143 37. Bg8 {[%csl Gg5,Rh7]}) 37. Bf4
Nf3 38. Bg8 {+/=/+/-}) ({Can be recommended:} 34... g6 $5 35. Bg8 h6 $14 {
[%csl Rh2]}) 35. fxe5 {[%cal Gb3b4]} g5 36. b4+ Kc6 37. Kd4 Bg2 ({I do not
think that it was much better:} 37... h5 38. b5+ Kd7 39. a4 Bg2 {[%cal Gf5f4]}
40. Ke3 {[%csl Ga4,Gb5,Ge5][%cal Ga4a5] +/-/+-}) 38. Be6 $1 {[%csl Rf5]} Bh3
39. a4 Kc7 40. Bg8 h5 41. b5 $18 {[%csl Ga4,Gb5,Ge5]} (41. b5 {In this
hopeless position Mieczyaslaw Bakalarz stopped to resist:} Bg2 {[%csl Yg2]
[%cal Gf5f4,Yg2e4]} 42. Ke3 Bf3 43. a5 h4 44. e6 Kd6 45. b6 axb6 46. axb6 {
[%csl Gb6,Ge6]} hxg3 47. hxg3 Bg4 (47... Bh5 $143 48. Bf7 {[%cal Gb6b7,Ge6e7]}
Bd1 49. Bg6 {[%csl Gb6,Rf5]} f4+ 50. gxf4 gxf4+ 51. Kxf4 {[%csl Gb6,Yd6][%cal
Ge6e7]} Ba4 52. e7 Bd7 {[%cal Gd6c6]} 53. e8=Q Bxe8 54. Bxe8 {[%cal Ye8a4]})
48. e7 Bh5 $8 49. b7 Kc7 50. Bd5 {[%csl Yd5]} Bg6 51. Kd4 {[%cal Gg3g4]} Bh5 (
51... g4 $144 52. Be6 Kxb7 53. Bxf5 Be8 54. Kxe4 Kc7 55. Ke5 $18) 52. g4 $1
fxg4 53. Bxe4 g3 54. Bg2 Bf7 55. Ke5 $18 {[%csl Rg3,Rg5][%cal Ge5f6,Ge5f5]})
1-0

[Event "Asia-ch"]
[Site "Kolkata"]
[Date "2001.08.11"]
[Round "3"]
[White "Al Modiahki, Mohamad"]
[Black "Hossain, Enamul"]
[Result "1-0"]
[WhiteElo "2492"]
[BlackElo "2353"]
[Annotator "Golod,V"]
[PlyCount "47"]
[EventDate "2001.08.09"]
[EventType "swiss"]
[EventRounds "11"]
[EventCountry "IND"]
[SourceTitle "CBM 085"]
[Source "ChessBase"]
[SourceDate "2001.11.13"]
[SourceVersion "1"]
[SourceVersionDate "2001.11.13"]
[SourceQuality "1"]

1. e4 c5 2. Nf3 Nc6 3. Nc3 e6 4. d4 cxd4 5. Nxd4 Nf6 6. Be2 {Besides,white has
two principales moves:} (6. Ndb5) ({and} 6. Nxc6) 6... Bb4 7. O-O Bxc3 8. bxc3
Nxe4 9. Bd3 ({Is a possible continuation of the play:} 9. Qd3 $5) 9... Nxd4 $6
{[%mdl 4]} ({Can be recommended:} 9... d5 {You can see comments to game:
Balashov,Y-Filippov,V/Maikop,1998/CBM66 (1/2-1/2)(Golod,V)(56)}) ({Dubiously:} 
9... Nxc3 {in view of:} 10. Qg4 Qf6 11. Nxc6 dxc6 12. Bg5 Qe5 13. Rfe1 h5 14.
Qh4 $44 {Grabarska,B-Kunicki,M/Polanica Zdroj,2001(1-0)(33)}) 10. cxd4 (10.
Bxe4 $143 Nc6 11. c4 (11. Ba3 d5 12. Bd3 Ne7 13. Qh5 $6 (13. c4 $5) 13... h6
14. f4 O-O 15. g4 Re8 16. g5 Nf5 $17 {Wortel,M-Kundin,A/EU-chJM U16,1997(0-1) 
(26)}) (11. Re1 $143 O-O 12. Ba3 Re8 13. Qh5 g6 14. Qh6 d5 $15 {Jukic,B-Sermek,
D/Vienna,1991(1/2-1/2)(43)}) 11... O-O 12. Ba3 Re8 13. Qd6 Na5 14. Bd3 b6 15.
Rfe1 Ba6 16. Qd4 f5 17. Rad1 {1/2-1/2 Morovic Fernandez,I-Horvath,T/Pancevo,
1985(17)}) 10... d5 ({It deserves attention:} 10... Nf6 11. Bg5 (11. Ba3 d6 12.
Qf3 O-O 13. Rab1 Re8 14. Bb5 Re7 15. Qg3 e5 $13 {Apicella,M-Degraeve,J/Paris,
1992(1-0)(52)}) (11. Rb1 h6 12. Ba3 d6 13. Qf3 O-O 14. c4 Re8 15. Rfe1 e5 16.
c5 e4 (16... Be6 $5 $13) 17. Bxe4 Bg4 $6 (17... Rxe4 $5 $11) 18. Qg3 d5 19. Bd3
Qa5 20. Re5 $14 {Westerinen,H-Franssila,T/Jyvaskyla,1997(1-0)(33)}) 11... Qa5
12. f4 b6 13. Bxf6 gxf6 14. Qf3 Rb8 15. f5 $44 {Dolmatov,S-Franzoni,G/Graz,
1978 (1-0)(25)}) 11. Ba3 Bd7 $6 $146 ({Repeatedly was checked in the previous
games:} 11... Qa5 {but,after:} 12. Qc1 {White save a very strong compensation
behind pawn:} (12. Qf3 $143 Bd7 13. Bxe4 dxe4 14. Qg3 Bc6 15. Bd6 O-O-O 16. c4
Rd7 17. Qxg7 Qd8 18. Bg3 f6 19. Qg4 Rxd4 20. Qxe6+ Bd7 21. Qf7 Be8 22. Qe6+ Bd7
23. Qf7 {1/2-1/2 Kovacs,L-Horvath,T/Valby,1983(23)}) 12... Bd7 13. Rb1 Bc6 14.
Bb4 Qc7 15. Qa3 (15. f3 $5 Nd6 $6 (15... a5 $5) 16. Qa3 Nc4 17. Bxc4 dxc4 18.
Rfe1 Bd5 19. Re5 Qd7 (19... b6 $5) 20. Bd6 O-O-O $2 21. Rxd5 exd5 22. Qxa7 Qc6
23. Rb6 Qxb6 24. Qxb6 Rd7 25. Qa7 {1-0 Vesselovsky,S-Privara,I/Tatranske Zruby,
2000(25)}) 15... b6 16. f3 a5 17. Be1 $1 Nd6 18. Bg3 Rd8 19. Rfc1 {[%cal Gc2c4]
} O-O 20. c4 $1 dxc4 21. Bxc4 $14 {Geller,E-Trifunovic,P/Zagreb,1955(1-0)(59)})
12. Qe1 $1 {[%csl Ye1][%cal Ye1a5] (><a5;/^e1-a5);/\f3,Qg3} Bc6 $6 ({Can it
was necessary to return a pawn:} 12... Qc7 13. Bxe4 dxe4 14. Qxe4 Bc6 15. Qg4
$36) 13. f3 Nf6 14. Qg3 $1 {[%csl Ga3,Gg3] The pressure of white becomes
stronger with everyone move.} Rg8 $6 ({More stubborn resistance after:} 14...
Nh5 $5 15. Qg4 g6 16. Rfe1 {[%cal Ge1e6]} Qd7 {[%csl Yd7]}) 15. Rab1 $1 {
The "heavy artillery" is entered in fight.} Qd7 16. Rb3 O-O-O {Differently,
king of black for ever remain at the centre.} 17. Rfb1 $40 {[%csl Rc8]} Qc7 18.
Qe1 {Q will be is translated on queen side.} Kb8 (18... Nd7 $143 19. Be7 Rde8
20. Qb4 {[%cal Ge7d6]}) (18... Rge8 $142 {(><e7);/\Nd7}) 19. Bc5 $16 {[%csl
Ra7][%cal Ge1b4,Gb4a3]} Nd7 20. Be7 $1 Rde8 21. Qb4 {/^a3-f8(><d6)} Rxe7 ({
Also leads to bad position:} 21... Ka8 {because of:} 22. Bd6 Qc8 (22... Qb6 $2
23. Qc3 Qd8 24. Ra3 {[%cal Ga3a7]} Nb8 25. Rxa7+ Kxa7 26. Qa3+ Na6 27. Bxa6 $18
{[%cal Gd6c5]} Qxd6 28. Qxd6 Kxa6 29. Qa3+) 23. Qa5 {[%cal Gb3a3,Ga5a7]} b6 (
23... a6 $143 24. Ra3 $18 {[%csl Ra8][%cal Gd3a6]}) 24. Qa3 $1 $16 {[%cal
Gb3c3]} (24. Qxa7+ $2 Kxa7 25. Ra3+ Ba4 $8 (25... Kb7 $4 26. Ba6+ Ka8 27. Bxc8+
Ba4 28. Rxa4#) 26. Rxa4+ Kb7 27. Ba6+ Kc6 28. Bxc8 Rxc8 $15)) 22. Qxe7 Nf6 $2 {
Decisive mistake.It was necessary:} (22... Qf4 23. Rxb7+ $140 $1 (23. Qb4 $5
$16) 23... Bxb7 24. Ba6 (24. Qxd7 $2 Qc7) 24... Kc8 (24... Qxd4+ 25. Kf1 $1 (
25. Kh1 $2 Kc8 26. Bxb7+ Kc7 27. Qxf7 Rb8 28. Qxe6 Qf6 $1 $15 {[%csl Rb7]})
25... Kc8 26. Bxb7+ Kc7 27. Ba6 {see 24...Kc8}) 25. Bxb7+ Kc7 26. Ba6 {[%cal
Gb1b7]} Qxd4+ 27. Kf1 $1 (27. Kh1 $2 Rb8 {[%csl Rh1]}) 27... Rb8 28. Rxb8 Qd1+
(28... Kxb8 $4 29. Qd8#) 29. Kf2 Qxc2+ 30. Kg1 (30. Kg3 Qg6+) 30... Qc1+ 31.
Bf1 Qe3+ $1 (31... Kxb8 32. Qxd7 $16) 32. Kh1 Qc1 33. Rb7+ Kxb7 34. Qxd7+ $16)
23. Qb4 $18 Ka8 24. Rc3 {Further resistance is useless.At black there is no
satisfactory protection against numerous threats of white.} 1-0

[Event "Sarajevo Bosnia 34th"]
[Site "Sarajevo"]
[Date "2004.05.22"]
[Round "5"]
[White "Short, Nigel D"]
[Black "Kurajica, Bojan"]
[Result "1/2-1/2"]
[WhiteElo "2712"]
[BlackElo "2540"]
[Annotator "Golod,V"]
[PlyCount "82"]
[EventDate "2004.05.18"]
[EventType "tourn"]
[EventRounds "9"]
[EventCountry "BIH"]
[EventCategory "15"]
[SourceTitle "CBM 101"]
[Source "ChessBase"]
[SourceDate "2004.07.27"]
[SourceVersion "1"]
[SourceVersionDate "2004.07.27"]
[SourceQuality "1"]

1. e4 c5 2. Nf3 e6 3. d4 cxd4 4. Nxd4 Nf6 5. Nc3 Nc6 6. Ndb5 Bb4 7. a3 Bxc3+ 8.
Nxc3 d5 9. Bd3 dxe4 ({Less popular is:} 9... d4 {See my comments to Svidler,
P-Al Modiahki,M/Bermuda,2003/CBM 94(1-0)(48)}) 10. Nxe4 Nxe4 11. Bxe4 Qxd1+ 12.
Kxd1 Bd7 13. Be3 O-O-O ({Is a possible continuation of the play:} 13... f5 $5 {
For further annotations you can see my comments to Delchev,A-Ivanovic,B/
Subotica 2003/CBM 95(1-0)(37)}) 14. Ke1 $146 {[%cal Ye1f2,Gf2f3] The idea
behind this move is to prevent Black's pawns impulse by putting "f" pawn on f3,
bishop on e2 and transferring the king to f2.} ({Repeatedly were checked up in
previous games:} 14. Ke2 {You can see my annotations to Pavlovic,M-Bakalarz,M/
Plovdiv,2003/CBM 98(1-0)(41)}) 14... f5 15. Bd3 ({Leads to equal endgame:} 15.
Bxc6 $6 Bxc6 16. Bxa7 Bxg2 17. Rg1 Bf3 (17... Be4 $6 18. Rxg7 Rhg8 19. Rxg8
Rxg8 20. Ke2 Rg2 21. Rd1 b5 22. Rd6 $14) 18. Rxg7 Rhg8 19. Rxg8 Rxg8 20. Kd2 e5
21. Ke3 Bc6 $11 {[%cal Gg8g2]}) 15... e5 16. f3 {[%cal Gf3e4]} f4 $1 {Very
responsible decision.Black weakens a square "e4",but getting a strong
counterplay in the center.} 17. Bf2 g6 {[%cal Yd7f5]} 18. Rd1 Bf5 19. Bxf5+ ({
Also leads to equality:} 19. Ke2 Bxd3+ 20. Rxd3 Rxd3 21. Kxd3 Rd8+ 22. Kc3 b5
$11) 19... gxf5 20. g3 Rhe8 21. Rxd8+ Kxd8 22. gxf4 exf4+ 23. Kd1 Re6 ({
It deserves more attention:} 23... Ne5 $5 24. Rf1 (24. Bxa7 Kc7 {[%csl Ra7]
[%cal Gb7b6]} 25. Bf2 Nxf3 26. h4 Kc6 27. Rh3 Ne5 28. Rc3+ Kd5 $11 {[%csl Ge5,
Gf4,Gf5]}) (24. Ke2 Ng4+ 25. Kf1 Ne3+ 26. Bxe3 fxe3 27. Rg1 f4 28. Rg4 Rf8 29.
Rg7 (29. Ke2 Rf7 $11) 29... Kc8 30. Rxh7 Rd8 31. Rh4 Rd1+ 32. Ke2 Rd2+ 33. Ke1
Rxc2 34. Rxf4 Rxh2 35. Re4 Rxb2 36. Rxe3 $11) 24... Nc4 (24... Nxf3 $2 25. Bxa7
Nxh2 26. Rxf4 Re5 (26... Ng4 27. Rxf5 $16) 27. Bd4 Rd5 28. Ke2 Ng4 29. c4 Rd7
30. Bb6+ Ke7 31. Rxf5 $16) 25. Bd4 Ne3+ 26. Bxe3 Rxe3 $11 {White can not
improve his position,so drawn game will be acceptable result to both of the
sides.}) 24. Rg1 Rd6+ ({Of course not:} 24... Ne5 $2 {in view of:} 25. Rg7 $1 {
[%csl Rb7,Rd8,Rh7]} Rh6 26. h4 Nxf3 27. Rxb7 $16) 25. Ke2 Re6+ 26. Kf1 (26. Kd2
$6 Ne5 27. Rg8+ Kd7 28. Rg7+ Kc6 29. Rxh7 Nxf3+ 30. Kd1 Ne5 $11) 26... Rg6 27.
Rg2 ({Looks more logical,but doesn't change the matter:} 27. h4 $5 {><g5} Ke7
$11 {[%csl Ye7][%cal Ye7e6,Ye6d5,Ye6f6,Ye6e5]}) 27... Kd7 28. Bc5 Rxg2 29. Kxg2
a6 30. Bb6 Kd6 31. Kf2 Kd5 32. Ke2 ({It was dubiously:} 32. Bc7 $2 Nd4 {
[%csl Rc2][%cal Yd4e6,Gd4c2,Ye6f4]} 33. Bxf4 (33. c3 Ne6 {/\Kc4-b3}) 33... Nxc2
34. Bg5 $15) 32... Kc4 $11 {Black defended well and got an equal position.If
white will try to attack Pf4, he will lose Pf3 or one of his pawns on the
queen side.} 33. h3 Kb5 34. Bf2 Kc4 35. Kd2 b5 36. b3+ Kd5 37. Kd3 Ne5+ 38. Ke2
Nc6 39. Bb6 h5 40. Kd3 Ne5+ 41. Ke2 Nc6 {The game was drawn by mutual
agreement. Well played positional game of Bojan Kurzjica!} 1/2-1/2